000 01608pam a2200433 i 4500
001 2024019303
003 DLC
005 20250409134816.0
008 240429s2025 nyu 000 1 eng
010 _a 2024019303
020 _a9781668033197
_q(paperback)
020 _z9781668033203
_q(ebook)
035 _a(OCoLC)1432608809
040 _aDLC
_beng
_erda
_cDLC
_dTnLvILS
042 _apcc
043 _an-us-vt
050 0 0 _aPS3615.L75252
_bL63 2025
082 0 0 _a813/.6
_223/eng/20240429
092 _afiction
_bOlso, Kayla
100 1 _aOlson, Kayla,
_eauthor.
_96540903
245 1 4 _aThe lodge :
_ba novel /
_cKayla Olson.
250 _aFirst Atria Paperback edition.
264 1 _aNew York :
_bAtria Paperback,
_c2025.
300 _a352 pages ;
_c21 cm
336 _atext
337 _aunmediated
338 _avolume
520 _a"A cozy winter rom-com about a ghostwriter who decamps to a Vermont lodge to work on her new project, but finds herself falling for the ski instructor next door"--
650 0 _aWomen ghostwriters
_vFiction.
_95772508
650 0 _aGhostwriters
_vFiction.
_95772507
650 0 _aBoy bands
_vFiction.
_95752479
650 0 _aSkis and skiing
_vFiction.
_95686513
650 0 _aSki resorts
_vFiction.
_96432733
650 0 _aWinter
_vFiction.
_95685884
651 0 _aVermont
_vFiction.
_95701422
655 7 _aRomance fiction.
_2lcgft
776 0 8 _iOnline version:
_aOlson, Kayla.
_tLodge.
_bFirst Atria paperback edition
_dNew York : Atria Books, 2025
_z9781668033203
_w(DLC) 2024019304
942 _2ddc
_cBOOK
999 _c405632
_d405632